Los antecedentes de la eximente de anomala̕ o alteracin̤ psq̕uica

Detalles Bibliográficos
Autor principal: Mateo Ayala, Eladio Još
Otros Autores: Higuera Guimer,̀ Juan-Felipe (pr)
Formato: Desconocido
Lenguaje:español
Publicado: Madrid : Dykinson, D.L. 2005
Materias:
Acceso en línea:Acceso restringido

MARC

LEADER 00000ny a22000003n 4500
005 20110623182641.0
008 050919s2005 sp s 001 0 spa c
017 |a D.L. SE.3133-2005 
020 |a 9788497726955 
035 |a 1276 
040 |a SpMaUCDE  |d vLex 
080 |a 343.225(460) 
090 |c 1177  |d 1177 
100 1 |a Mateo Ayala, Eladio Još 
245 1 4 |a Los antecedentes de la eximente de anomala̕ o alteracin̤ psq̕uica  |h [Recurso electrn̤ico]  |c Eladio Jos ̌Mateo Ayala ; prl̤ogo de Juan-Felipe Higuera Guimer̀ 
256 |a Servicio en ln̕ea 
260 |a Madrid :  |b Dykinson,  |c D.L. 2005 
300 |a 274 p. ;  |c 21 cm 
504 |a Bibliogr.: 263-274 
506 1 |a Contenido solo disponible en los productos indicados  |d vLex Global  |d vLex Global (Academic Edition, excluding Law Schools)  |d vLex Global (U.S. Academic Edition, Law Schools)  |d vLex Global (U.S. Academic Edition, excluding Law Schools)  |d vLex Global (Academic Edition, Law Schools) 
650 0 7 |a Contrato vitalicio  |2 Tesauro vLex 
650 0 7 |a Civil  |2 Tesauro vLex 
650 0 7 |a Responsabilidad penal  |2 Tesauro vLex 
650 0 7 |a Circunstancias que modifican la responsabilidad  |2 Tesauro vLex 
650 0 7 |a Circunstancias eximentes  |2 Tesauro vLex 
650 0 7 |a Trastorno mental transitorio  |2 Tesauro vLex 
650 0 7 |a Enajenacin̤ mental  |2 Tesauro vLex 
700 1 |a Higuera Guimer,̀ Juan-Felipe,  |e pr 
740 0 |a vLex Libros (Servicios en ln̕ea) 
856 4 0 |z Acceso restringido  |u http://vlex.com/source/eximente-anomalia-psiquica-antecedentes-1276 
942 |c BOOK